000 03351 a2200337 4500
005 2008090107367.0
008 080901t xxu||||| |||| 00| 0 hin d
010 _aHIN-82855 B-290639-645
020 _a8190426133
_c150.00
035 _aHN-55201
035 _aB-290639-645
037 _bपु.प्र.अ.प्र/प्रका
037 _bश्याम प्रकाशन
082 _a372.37
100 _aमिश्रा, महेन्द्र कुमार
245 _aस्वास्थ्य एवं शारीरिक शिक्षा /
_cमहेन्द्र कुमार मिश्रा
246 _aSwasthya evam sharirik shiksha
_bby Mahendra Kumar Mishra
260 _aजयपुर
_bश्याम प्रकाशन
_c2007
270 _aफिल्म कालोनी,चौड़ा रास्ता
_bजयपुर
_e302003
_k0141- 2317659
300 _a138पृ
_bसचित्र
_c22 सेमी (सजिल्द)
942 _adpl
_cHN
_k372.37 / मिश्राम
_2ddc
_h372.37
_mमिश्राम
999 _c11182
_d11182